| 000 | 00876nam a2200193 i 4500 | ||
|---|---|---|---|
| 001 | 157532 | ||
| 003 | ES-MaACL | ||
| 005 | 20250831072559.0 | ||
| 008 | 041021s1878 fr |||| | fre d | ||
| 040 |
_aCAM _bspa _cCAM |
||
| 100 | 0 |
_aLeón _bXIII, _cPapa _971654 |
|
| 245 | 1 | 2 |
_aL'Eglise et la civilisation / _cpar le Cardinal Pecci..., aujourd'hui ... Pape Léon XIII ; traduit de l'italien par Paul Lapeyre. |
| 260 |
_aParis ; _aBruxelles ; _aLyon : _bSociété Générale de Librairie Catholique, directeur général, Victor Palmé ; _aGenève : _bGrosset et Trembley, _c1878 ( _fImp. Victor Goupy) |
||
| 300 |
_a109 p. ; _c25 cm. |
||
| 650 | 7 |
_aHistoria eclesiástica _2embne _913400 |
|
| 700 | 1 |
_aLapeyre, Paul. _9128682 |
|
| 852 |
_aES-MaACL _jT-242-F-4 _z-- Enc. hol. _q-- Falto de la cub. original _z-- Enc. en un vol. facticio |
||
| 999 |
_c157532 _d157532 |
||